| 000 | 00966nmc a2200337 a 4500 | ||
|---|---|---|---|
| 003 | AR-BaBNM | ||
| 005 | 20251128204724.0 | ||
| 008 | 045119s1993 ||||||||||||||000 | spa|| | ||
| 020 | _a84-331-0584-1 | ||
| 040 | _cAR-BaBNM | ||
| 100 | 1 | _aChazín, Sergio Mario | |
| 245 | 1 | 0 |
_aJuegos, cuentos y poesías _bcómo educar jugando |
| 260 |
_aMadrid _bEscuela Española _c1993 |
||
| 300 | 0 |
_a141 p. _bil. |
|
| 490 | 0 | _aDidáctica escolar | |
| 500 | 0 | _aContiene índice de las materias | |
| 504 | _aBibliografía | ||
| 650 | 4 | _aJUEGOS EDUCATIVOS | |
| 650 | 4 | _aJUEGOS INFANTILES | |
| 650 | 4 | _aSATISFACCION DE NECESIDADES | |
| 650 | 4 | _aDESARROLLO DE DESTREZAS | |
| 650 | 4 | _aDESARROLLO DEL VOCABULARIO | |
| 650 | 4 | _aPSICOMOTRICIDAD | |
| 650 | 4 | _aDESTREZAS BASICAS | |
| 650 | 4 | _aENSENANZA DE LA LECTURA | |
| 650 | 4 | _aENSENANZA DE LA ESCRITURA | |
| 700 | 1 | _aQuero, Margarita | |
| 700 | 1 |
_aArroyo, Joaquín _eilustrador |
|
| 942 | _cBK | ||
| 998 | _cisola | ||
| 999 |
_c8565 _d8565 |
||